000 01291nam a2200313 c 4500
001 190533
003 SpMaBN
005 20240510063154.0
008 210819s2016 sp 001 0 spa
020 _a978-84-944752-3-8
080 _a82-1
100 1 _aTundidor, Jesús Hilario,
_d1935-
_9111674
245 1 3 _aEl acontecimiento poético :
_bla culpabilidad de las imágenes /
_cJesús Hilario Tundidor.
250 _a1ª ed.
260 _aMadrid :
_bCuadernos del Laberinto,
_c2016.
300 _a213 p. ;
_c22 cm.
490 1 _aAnaquel de pensamiento ;
_v6
504 _aBibliografía de Jesús Hilario Tundidor: p. 193-209.
505 8 _aContiene: Génesis: El autor ante el espejo [reflexiones dictadas en el Salón de Actos del Ateneo de Madrid y Liceo de Salamanca]
610 2 4 _aAteneo de Madrid-
_vConferencias-
_y2000-
_9168597
650 7 _aPoesía-
_xFilosofía.
_9153115
650 4 _aPoética.
_916254
830 1 _aAnaquel de pensamiento ;
_v6
_9225895
852 4 _aES-MaACL
_jA-14741
_9197711
_bR.151521
_cDEPO1
_dOlim: N-7741
_gDedicatoria autógrafa del autor
_hDonacion: Jesús Hilario Tundidor
903 _aTundidor, Jesús Hilario,
_d1935-
_ednr
_9111674
942 _2udc
_cMONOGRAFIA
999 _c190533
_d190533